Statistics for Words that end with ar.

Click here to take the quiz!

General Stats

  • This quiz has been taken 62 times
  • The average score is 10 of 11

Answer Stats

HintAnswer% Correct
a place you drink alcohol at is abar
100%
something you drive is acar
100%
something thats a long ways away from you is really reallyfar
98%
a big furry animal than can be brown,black,white other colors is abear
96%
something that comes out of your eye when you cry is atear
96%
365 days is ayear
96%
if your deeply scared of spider it could be your biggestfear
95%
something one country can do to another country is declarewar
93%
a green fruit is apear
88%
you can catch fireflies in ajar
82%
what you write before someones name in a letter(a message to someone) isdear
77%

Score Distribution

Percentile by Number Answered

Percent of People with Each Score

Your Score History

You have not taken this quiz